000 01084nam a2200253 a 4500
008 120416s1968 ||||||||||||||||| || u
020 _a0521467756
050 _aQA 564 HOD
100 _aHodge, W. V. D
245 1 0 _aMethods of algebraic geometry
246 _avols. 2 and 3
260 _aCambridge
_bCambridge University Press
_c1968
300 _av. <1-3 > : ill.
350 _a0.00
490 _aCambridge mathematical library
650 0 _aMATHEMATICS--HANDBOOKS, MANUALS, ETC
650 _aGeometry, Algebraic
700 _aPedoe, Daniel
856 _uhttp://www.loc.gov/catdir/description/cam026/94191386.html
856 _uhttp://www.loc.gov/catdir/toc/cam025/94191386.html
856 _uhttp://www.loc.gov/catdir/samples/cam041/94191386.html
995 _aANNEX COLLECTION (Main Library)
_D0.00
_e728978
_FCBU-MAIN LIBRARY (Kitwe)
_H1
_I0.00
_jQA 564 Hod
_M1
_UAVAILABLE
_y020946
_ZAnnex Low-Usage Collection
995 _aANNEX COLLECTION (Main Library)
_D0.00
_e728977
_FCBU-MAIN LIBRARY (Kitwe)
_H2
_I0.00
_jQA 564 Hod
_M2
_UAVAILABLE
_y020947
_ZAnnex Low-Usage Collection
999 _c82886
_d82886